| 000 | 00000nam##2200000za#4500 |
| 001 | 9.574014 |
| 003 | CaOODSP |
| 005 | 20210624183958 |
| 007 | cr ||||||||||| |
| 008 | 150406|1999||||xxc|||||o f|0| 0 eng|d |
| 022 | |a1488-5379 |
| 040 | |aCaOODSP|beng |
| 043 | |an-cn--- |
| 086 | 1 |aFs97-6/2267E-PDF |
| 110 | 1 |aCanada. |bDepartment of Fisheries and Oceans. |
| 245 | 10|aAnnotated bibliography of demersal fish feeding with emphasis on selected studies from the Scotian Shelf and Grand Banks of the northwestern Atlantic / |h[electronic resource]|cby David A. Methven. |
| 260 | |aSt. John's - Newfoundland and Labrador : |bFisheries and Oceans Canada |cMarch 1999. |
| 300 | |a110p.|breferences, tables |
| 490 | 1 |aCanadian technical report of fisheries and aquatic sciences|x1488-5379|vNo. 2267 |
| 504 | |aBibliography. |
| 546 | |a(Résumé en français) |
| 590 | |a12-22-Supp|b2012-05-24 |
| 720 | 1 |aMethven, David A. |
| 776 | 0#|tAnnotated bibliography of demersal fish feeding with emphasis on selected studies from the Scotian Shelf and Grand Banks of the northwestern Atlantic / |w(CaOODSP)9.614854 |
| 830 | #0|aCanadian technical report of fisheries and aquatic sciences,|x1488-5379|vNo. 2267|w(CaOODSP)9.504449 |
| 856 | 40|ahttp://publications.gc.ca|qPDF|s4.23 MB|uhttps://publications.gc.ca/collections/collection_2012/mpo-dfo/Fs97-6-2267-eng.pdf|yNo. 2267 |